Click-fomercials Quiz Stats

 Plays Quiz Updated May 7, 2019

Score 0/22 Timer 04:00
0 Plays Today
% Correct
Snuggie for Dogs
93.4%
Nuwave Oven
90.8%
Slap Chop
89.6%
Strap Perfect
89.3%
Emery Cat
87.5%
Shamwow
87.4%
Plaque Attack
86.5%
Ped Egg
83.2%
Flex Seal
82.8%
Magic Mesh
82.4%
Ab Rocket Twister
80.8%
% Correct
Lint Lizard
79.4%
Mighty Mendit
79.3%
Gyro Bowl
78.8%
Bumpits
74.8%
Jupiter Jack
74.7%
Awesome Auger
72.8%
Insanity 60 Day Workout
72.5%
Crazy Critters
71.6%
Walkfit
55.6%
Melt It Off
46.4%
Slim in 6
42.9%

You're not logged in!

Compare scores with friends on all Sporcle quizzes.
OR
Log In

Sporcle TV

Today on Sporcle TV


Watch our educational content, quiz creation guides, and fun videos on Sporcle TV.

Show Comments

Extras

Top Quizzes Today


Score Distribution

Your Account Isn't Verified!

In order to create a playlist on Sporcle, you need to verify the email address you used during registration. Go to your Sporcle Settings to finish the process.

Report this User

Report this user for behavior that violates our Community Guidelines.

Details: